Statystyki dla Państwa Australii i Oceanii z mapą

Kliknij tutaj aby rozwiązać quiz!

Ogólne statystyki

  • Ten quiz został rozwiązany 12 989 razy
  • Średni wynik to 10 z 14

Odpowiedzi na mapie

Odpowiedzi skodowane kolorowo w zielono-czerwonej skali na mapie do tego quizu, zgodnie z poniższymi procentami.
 

Statystyki odpowiedzi

Odpowiedź% Poprawnych
australia
99%
nowa zelandia
95%
papua- nowa gwinea
82%
fidżi
72%
wyspy marshalla
72%
wyspy salomona
70%
mikronezja
68%
tuvalu
59%
kiribati
58%
palau
58%
nauru
57%
vanuatu
56%
samoa
54%
tonga
52%

Rozkład punktacji

Percentyl według liczby udzielonych odpowiedzi

Procent ludzi z każdym wynikiem

Twoja historia wyników

Nie rozwiązałeś tego quizu